The Educational Thinkers Of East and West (Record no. 65593)
[ view plain ]
| 000 -LEADER | |
|---|---|
| fixed length control field | 00287nam a22001097a 4500 |
| 082 ## - DEWEY DECIMAL CLASSIFICATION NUMBER | |
| Classification number | 370/ PAT |
| 100 ## - MAIN ENTRY--AUTHOR NAME | |
| Personal name | Pathak, Prof. Ramesh Prasad |
| 245 ## - TITLE STATEMENT | |
| Title | The Educational Thinkers Of East and West |
| 260 ## - PUBLICATION, DISTRIBUTION, ETC. (IMPRINT) | |
| Place of publication | New Delhi |
| Name of publisher | Kanishka Publishers |
| Year of publication | 2018 |
| 650 ## - SUBJECT ADDED ENTRY--TOPICAL TERM | |
| Topical Term | Education |
| 942 ## - ADDED ENTRY ELEMENTS (KOHA) | |
| Koha item type | Books |
| Withdrawn status | Lost status | Damaged status | Not for loan | Home library | Current library | Date acquired | Cost, normal purchase price | Full call number | Accession Number | Price effective from | Koha item type |
|---|---|---|---|---|---|---|---|---|---|---|---|
| MACL | MACL | 19/11/2022 | 600.00 | 370/ PAT | CRE040152 | 19/11/2022 | Books |









